[Event "Tokyo City-ch"]
[Site "Tokyo"]
[Date "2019.03.23"]
[Round "2"]
[White "Shiomi, Ryo"]
[Black "Mitsui, Riku"]
[Result "1-0"]
[WhiteElo "2149"]
[BlackElo "1763"]
[PlyCount "75"]
[EventDate "2019.03.23"]
[EventType "swiss"]
[EventRounds "6"]
[EventCountry "JPN"]
[SourceTitle "CBM 190 Extra"]
[Source "ChessBase"]
[SourceDate "2019.07.15"]
[SourceVersion "1"]
[SourceVersionDate "2019.07.15"]
[SourceQuality "1"]

1. e4 e6 2. d4 d5 3. Nd2 Nf6 4. Bd3 c5 5. c3 Nc6 6. Ngf3 Qb6 7. 0-0 cxd4 8. cxd4 Nxd4 9. Nxd4 Qxd4 10. Nf3 Qb6 11. Be3 Bc5 12. Bxc5 Qxc5 13. Rc1 Qb6 14. e5 Ng8 15. Ng5 Ne7 16. Qf3 Nf5 17. g4 Nh6 18. h3 Bd7 19. Nxh7 Bb5 20. Ng5 0-0 21. Rc3 f6 22. Nh7 Bxd3 23. Qxd3 fxe5 24. Nxf8 Rxf8 25. Rb3 Qc7 26. Qg6 Qe7 27. Rc1 Nf7 28. Rbc3 Ng5 29. Rc7 Nxh3+ 30. Kh2 Nf4 31. Rxe7 Nxg6 32. Rxb7 e4 33. Rcc7 Rxf2+ 34. Kg1 Rf6 35. g5 Rf4 36. Rxg7+ Kf8 37. Rxg6 d4 38. Rf6+ 1-0